00969nam a2200241 i 4500001000300000245009700003260007700100300003300177500007900210504004100289650005000330650005000380700003600430700003200466020001500498020001800513040000800531041000800539044000800547080003300555008004100588856009800629bg10aNauka - architektura - edukacja /cred. nauk. Jadwiga C. Żarnowiecka, Aleksander Owerczuk. aBiałystok :bWydział Architektury Politechniki Białostockiej ;c2006. a200, [2] s. :bil. ;c23 cm. aU góry okł. : 30 lat Wydziału Architektury Politechniki Białostockiej aBibliogr. przy niektórych pracach. 9aArchitekturaxnauczaniexszkolnictwo wyższe 9aSzkolnictwo wyższexbudownictwoyod 1989 r.1 aŻarnowiecka, Jadwiga C.eRed.1 aOwerczuk, Aleksander.eRed. a8360200157 a9788360200155 cBPK0 apol aPOL a378.6::62:727.1/.4"1989/..." s pl f |000 0 pol  uhttp://koha.tu.koszalin.pl/cgi-bin/koha/opac-detail.pl?biblionumber=54220yKatalog online BPK